|
|
แสดงรายละเอียดบรรณานุกรม |
|
|
Brief Record
: Get Marc (ISO 2709)
: E-mail record
: |
| LEADER 00000nama 2200000uu 4500 | |||
| 008 040531s2542 th m m a000 0 tha d | |||
| 020 974-268-8001 | |||
| 041 tha | |||
| 050 WB50 ก218พ 2542 | |||
| 100 กระทรวงศึกษาธิการ. กรมวิชาการ. สถาบันภาษาไทย | |||
| 245 แพทยศาสตร์สงเคราะห์ : ภูมิปัญญาทางการแพทย์และมรดกทางวรรณกรรมของชาติ 002 | |||
| 246 แพทย์แผนไทย | |||
| 260 กรุงเทพฯ สถาบันภาษาไทย กรมวิชาการ กระทรวงศึกษาธิการ 2542 | |||
| 300 1010 หน้า | |||
| 500 ชุดวรรณกรรมหายาก | |||
| 650 ตำราแพทย์โบราณ | |||
| 998 2001-06-14 | |||
| คุณยังไม่ได้ล็อกอิน คุณสามารถมีกิจกรรมร่วมกับเว็บไซต์ได้ แต่ต้องล็อกอินก่อน :: |
|
| สถานะ | |||||||||
| 1. | หนังสือทั่วไป | WB50 ก218พ 2542 | On Shelf ขอยืม | ||||||
| 2. | หนังสือทั่วไป | WB50 ก218พ 2542 | On Shelf ขอยืม | ||||||
| [แสดง 2/2 รายการ] | |||||||||
BibComment |
| คอมเมนท์ทรัพยากรรายการนี้ |
|
|